Lexique animalier égyptien : les caprins, les ovins et les bovins /

محفوظ في:

المؤلف الرئيسي: Mastropaolo, Sara.

التنسيق: كتاب

اللغة: French

منشور في: Oxford : Archaeopress, 2013.

سلاسل: BAR international series ; 2484.

الموضوعات:

الوسوم: إضافة وسم

لا توجد وسوم, كن أول من يضع وسما على هذه التسجيلة!

رقم الطلب: PJ1401 .M37 2013

LEADER 00845nam a22002537a 4500
003 OSt
005 20251020073440.0
008 251020t2013 enk b 000 0 fre d
020 |a 9781407310961 
040 |c ARCE Library 
050 1 4 |a PJ1401  |b .M37 2013 
100 1 |a Mastropaolo, Sara. 
245 1 0 |a Lexique animalier égyptien :   |b les caprins, les ovins et les bovins /   |c Sara Mastropaolo. 
264 1 |a Oxford :   |b Archaeopress,   |c 2013. 
300 |a i, 135 p. ;   |c 30 cm. 
490 0 |a BAR international series ;   |v 2484. 
504 |a Includes bibliographical references. 
546 |a In French with English summary. 
650 0 |a Cattle -- Egypt -- Names. 
650 0 |a Egyptian language -- Lexicography. 
650 0 |a Egyptian language -- Writing, Hieroglyphic -- Lexicography. 
901 |a reviewed 
942 |2 lcc  |c BK 
999 |c 49490  |d 49490